Népvándorláskori sírok Nagykamaráson
Elmentve itt :
| Szerző: | |
|---|---|
| Dokumentumtípus: | Könyv |
| Megjelent: |
1927
|
| Sorozat: | Csanádvármegyei Könyvtár
10 |
| Kulcsszavak: | Régészet - Magyarország - regionális, Nagykamarás |
| Online Access: | http://misc.bibl.u-szeged.hu/33023 |
| LEADER | 00597nam a2200169 i 4500 | ||
|---|---|---|---|
| 001 | misc33023 | ||
| 005 | 20191207091223.0 | ||
| 008 | 180723s1927 hu o 0|| zxx d | ||
| 040 | |a SZTE Miscellanea Repozitórium |b hun | ||
| 041 | |a zxx | ||
| 100 | 1 | |a Banner János | |
| 245 | 1 | 0 | |a Népvándorláskori sírok Nagykamaráson |h [elektronikus dokumentum] / |c Banner János |
| 260 | |c 1927 | ||
| 300 | |a 18 | ||
| 490 | 0 | |a Csanádvármegyei Könyvtár |v 10 | |
| 695 | |a Régészet - Magyarország - regionális, Nagykamarás | ||
| 856 | 4 | 0 | |u http://misc.bibl.u-szeged.hu/33023/1/csanadvarmegyei_kt_010.pdf |z Dokumentum-elérés |